| 000 | 00694nam a22002655a 4500 | ||
|---|---|---|---|
| 001 | 17104825 | ||
| 003 | OSt | ||
| 005 | 20150408114133.0 | ||
| 008 | 120104s2012 ohu 000 0 eng | ||
| 010 | _a 2012930214 | ||
| 020 | _a9781111577742 | ||
| 040 |
_aDLC _cDLC |
||
| 042 | _apcc | ||
| 082 |
_222 _a620.11292 _bGBM |
||
| 100 | 1 |
_aGoodno, Barry J. _935664 |
|
| 245 | 1 | 0 |
_aMechanics of materials / _cBarry J. Goodno. |
| 250 | _a8e Ed. | ||
| 260 |
_aMason, OH : _bCengage Learning, _c2012. |
||
| 263 | _a1203 | ||
| 300 | _ap. cm. | ||
| 650 |
_aStrength of materials _912054 |
||
| 906 |
_a0 _bibc _corignew _d2 _eepcn _f20 _gy-gencatlg |
||
| 942 |
_2ddc _cBOOK |
||
| 999 |
_c29879 _d264379 |
||